|
|
|
|
| LEADER |
01990nam a2200469 i 4500 |
| 001 |
EBC1812473 |
| 003 |
MiAaPQ |
| 005 |
20200520144314.0 |
| 006 |
m o d | |
| 007 |
cr cnu|||||||| |
| 008 |
141021t20142014enka ob 001 0 eng d |
| 020 |
|
|
|z 9781780324319
|
| 020 |
|
|
|a 9781780324326
|q (electronic bk.)
|
| 035 |
|
|
|a (MiAaPQ)EBC1812473
|
| 035 |
|
|
|a (Au-PeEL)EBL1812473
|
| 035 |
|
|
|a (CaPaEBR)ebr10953356
|
| 035 |
|
|
|a (CaONFJC)MIL649347
|
| 035 |
|
|
|a (OCoLC)892799680
|
| 040 |
|
|
|a MiAaPQ
|b eng
|e rda
|e pn
|c MiAaPQ
|d MiAaPQ
|
| 043 |
|
|
|a f-ua---
|
| 050 |
|
4 |
|a HC830
|b .A449 2014
|
| 082 |
0 |
|
|a 962
|2 23
|
| 100 |
1 |
|
|a Alexander, Anne,
|e author.
|
| 245 |
1 |
0 |
|a Bread, freedom, social justice :
|b workers and the egyptian revolution /
|c Anne Alexander, Mostafa Bassiouny ; Kika Sroka-Miller, cover design.
|
| 264 |
|
1 |
|a London, England :
|b Zed Books,
|c 2014.
|
| 264 |
|
4 |
|c 2014
|
| 300 |
|
|
|a 1 online resource (404 pages) :
|b illustrations
|
| 336 |
|
|
|a text
|2 rdacontent
|
| 337 |
|
|
|a computer
|2 rdamedia
|
| 338 |
|
|
|a online resource
|2 rdacarrier
|
| 504 |
|
|
|a Includes bibliographical references and index.
|
| 588 |
|
|
|a Description based on online resource; title from PDF title page (ebrary, viewed October 21, 2014).
|
| 590 |
|
|
|a Electronic reproduction. Ann Arbor, MI : ProQuest, 2015. Available via World Wide Web. Access may be limited to ProQuest affiliated libraries.
|
| 651 |
|
0 |
|a Egypt
|x Economic conditions
|y 1981-
|
| 651 |
|
0 |
|a Egypt
|x History
|y 1952-1970.
|
| 651 |
|
0 |
|a Egypt
|x Politics and government
|y 1981-
|
| 655 |
|
4 |
|a Electronic books.
|
| 700 |
1 |
|
|a Bassiouny, Mostafa,
|e author.
|
| 700 |
1 |
|
|a Sroka-Miller, Kika,
|e cover designer.
|
| 776 |
0 |
8 |
|i Print version:
|a Alexander, Anne.
|t Bread, freedom, social justice : workers and the egyptian revolution.
|d London, England : Zed Books, c2014
|h xiv, 387 pages
|z 9781780324319
|
| 797 |
2 |
|
|a ProQuest (Firm)
|
| 856 |
4 |
0 |
|u https://ebookcentral.proquest.com/lib/matrademy/detail.action?docID=1812473
|z Click to View
|